Kỹ thuật trồng bonsai
Đã lưu trong:
| Tác giả chính: | |
|---|---|
| Định dạng: | Sách |
| Ngôn ngữ: | Undetermined |
| Được phát hành: |
Cà Mau
Mũi Cà Mau
2000
|
| Những chủ đề: | |
| Các nhãn: |
Thêm thẻ
Không có thẻ, Là người đầu tiên thẻ bản ghi này!
|
| Thư viện lưu trữ: | Trung tâm Học liệu Trường Đại học Cần Thơ |
|---|
| LEADER | 00521nam a2200193Ia 4500 | ||
|---|---|---|---|
| 001 | CTU_41451 | ||
| 008 | 210402s9999 xx 000 0 und d | ||
| 020 | |b 27.000đ | ||
| 082 | |a 635.9772 | ||
| 082 | |b Ng419 | ||
| 100 | |a Ngọc Lan | ||
| 245 | 0 | |a Kỹ thuật trồng bonsai | |
| 245 | 0 | |c Ngọc Lan | |
| 260 | |a Cà Mau | ||
| 260 | |b Mũi Cà Mau | ||
| 260 | |c 2000 | ||
| 650 | |a bonsai,gardening,ornamental floriculture | ||
| 904 | |i Minh, 010522 | ||
| 980 | |a Trung tâm Học liệu Trường Đại học Cần Thơ | ||